LEADER 00942cam0 2200265 450 001 E600200018458 005 20210422085553.0 100 $a20060530d1914 |||||ita|0103 ba 101 $aita 102 $aIT 200 1 $aCritica del concetto di cultura$fGuido De Ruggiero 210 $aCatania$cFrancesco Battiato$d1914 215 $a83 p.$d18cm 225 2 $aScuola e Vita$eBiblioteca Popolare di Pedagogia 410 1$1001LAEC00022283$12001 $a*Scuola e Vita : Biblioteca Popolare di Pedagogia 700 1$aDe Ruggiero$b, Guido$3A600200026373$4070$011779 801 0$aIT$bUNISOB$c20210422$gRICA 850 $aUNISOB 852 $aUNISOB$j370$m3179 912 $aE600200018458 940 $aM 102 Monografia moderna SBN 941 $aM 957 $a370$b000186$gSi$d3179$racquisito$1pregresso1$2UNISOB$3UNISOB$420060530080817.0$520190508083329.0$6Spinosa$spregresso 996 $aCritica del concetto di cultura$91477229 997 $aUNISOB